Kaspar: Prince of Cats (Запис № 17994)
[ простий вигляд ]
| 000 -Маркер запису | |
|---|---|
| Контрольне поле сталої довжини | 02201nam a22002417a 4500 |
| 003 - Належність контрольного номера | |
| Контрольне поле | Uzh_bibl |
| 008 - Кодовані дані | |
| Контрольне поле сталої довжини | 260525b |||||||| |||| 00| 0 ukr d |
| 020 ## - Індекс ISBN | |
| ISBN | 978-0-00-787472-9 |
| Ціна | 100.00 |
| 040 ## - Джерело каталогіз. | |
| Код мови каталог. | укр. |
| 041 ## - Код мови видання | |
| Код мови оригіналу | англійська |
| Код мови тексту | англійська |
| 080 ## - Індекс УДК | |
| Індекс УДК | 821(410) |
| 090 ## - Шифри | |
| Поличний індекс | 821(410) |
| Авторський знак | М 83 |
| 100 ## - Автор | |
| Автор | Morpurgo, Michael |
| 245 ## - Назва | |
| Назва | Kaspar: Prince of Cats |
| Фізичний носій | Text |
| Відповідальність | il.Michael Foreman |
| 260 ## - Вихідні дані | |
| Місце видання | London |
| Видавництво | HarperCollins |
| Дата видання | 2008 |
| 300 ## - Фізичний опис | |
| Обсяг | 208 s. |
| 520 ## - Анотація | |
| Анотація | Зворушливий, ілюстрований кольоровими ілюстраціями роман про Каспара, кота Савой, від нагородженого автора «Born to Run» та «The Amazing Story of Adolphus Tips»<br/><br/>Кіт Каспар вперше прийшов до готелю Savoy у кошику — Джонні Тротт знає, бо саме він його ніс. Джонні був носієм, розумієте, і він ніс усі речі графині Кандинської до її кімнати.<br/><br/>Але Джонні не очікував, що назавжди залишиться з Каспаром на руках, і не розраховував на дружбу з Ліззібет, енергійною американською спадкоємицею. Незабаром починаються події, які перенесуть Джонні — і Каспара — по всьому світу, переживаючи крадіжки, корабельні аварії та рятувальні операції на даху. Бо все змінюється, коли поруч є такий кіт, як Каспар. Адже він принц Каспар Кандинський, принц котів, москвич, лондонець і ньюйорківець, і, наскільки відомо, єдиний кіт, який вижив після затоплення «Титаніка»... |
| 521 ## - Примітка про цільове призначення | |
| Примітка про цільове призначення | Для підлітків |
| 525 ## - Примітка про додаток | |
| Примітка про додаток | Для старшого шкільного віку |
| 546 ## - Примітка про мову | |
| Примітка про мову | укр. |
| 650 ## - Тематичні рубрики | |
| Основна рубрика | Літературно-художне видання |
| 942 ## - ADDED ENTRY ELEMENTS (KOHA) | |
| Джерело класифікації чи схема поличного розташування | |
| Koha item type | Книги |
| Статус вилучення | Статус втрати/відсутності | Джерело класифікації чи схема поличного розташування | Статус пошкодження | Тип обігу (не для випозичання) | Постійне розташування | Поточне розташування | Дата надходження | Джерело надходження (постачальник) | Інвентарний номер | Total Checkouts | Повний (примірниковий) шифр зберігання | Штрих-код | Date last seen | Дата, для якої чинна ціна заміни | Тип одиниці (рівень примірника) |
|---|---|---|---|---|---|---|---|---|---|---|---|---|---|---|---|
| Бібліотека-філія № 1 для дітей | Бібліотека-філія № 1 для дітей | 23/04/2026 | Подаровані | 80880 | 821(410) | 19444 | 27/05/2026 | 27/05/2026 | Книги |